000 00708nam a2200181Ia 4500
008 151202s9999||||xx |||||||||||||| ||und||
082 _bPNVM-63561
100 _aचोपडा कमल-अनु.केळकर उज्वला.
245 _aआम्हीही माणसंच.
260 _b"शिवम प्रकाशन ,पुणे."
260 _c63561
300 _a134
600 _aचोपडा कमल-अनु.केळकर उज्वला.
630 _aआम्हीही माणसंच.
700 _aचोपडा कमल-अनु.केळकर उज्वला.
730 _aआम्हीही माणसंच.
942 _cBOOK
999 _c1330095
_d1330092